<?xml version="1.0" encoding="UTF-8"?>
<record
    xmlns:xsi="http://www.w3.org/2001/XMLSchema-instance"
    xsi:schemaLocation="http://www.loc.gov/MARC21/slim http://www.loc.gov/standards/marcxml/schema/MARC21slim.xsd"
    xmlns="http://www.loc.gov/MARC21/slim">

  <leader>02016nam a2200229 c 4500</leader>
  <controlfield tag="001">Rebiun34719293</controlfield>
  <controlfield tag="008">231124s2023    sp      r     000 0 spa d</controlfield>
  <datafield tag="017" ind1=" " ind2=" ">
    <subfield code="a">B 12627-2023</subfield>
  </datafield>
  <datafield tag="020" ind1=" " ind2=" ">
    <subfield code="a">9788412661668</subfield>
  </datafield>
  <datafield tag="040" ind1=" " ind2=" ">
    <subfield code="a">URJC.CF</subfield>
    <subfield code="c">tbs</subfield>
  </datafield>
  <datafield tag="041" ind1=" " ind2=" ">
    <subfield code="a">Spanish</subfield>
  </datafield>
  <datafield tag="100" ind1=" " ind2=" ">
    <subfield code="a">Ekl&#xF6;f, Johan</subfield>
    <subfield code="9">25523</subfield>
    <subfield code="e">author</subfield>
  </datafield>
  <datafield tag="245" ind1="1" ind2="0">
    <subfield code="a">Manifiesto por la oscuridad </subfield>
    <subfield code="c">/ Johan Ekl&#xF6;f</subfield>
  </datafield>
  <datafield tag="260" ind1=" " ind2=" ">
    <subfield code="a">[Barcelona] : </subfield>
    <subfield code="b">Rosamer&#xF3;n, </subfield>
    <subfield code="c">D.L. 2023</subfield>
  </datafield>
  <datafield tag="300" ind1=" " ind2=" ">
    <subfield code="a">250 pages ;</subfield>
    <subfield code="b">21 cm</subfield>
  </datafield>
  <datafield tag="520" ind1=" " ind2=" ">
    <subfield code="a">La bombilla, durante mucho tiempo s&#xED;mbolo del progreso, debe apagarse. Es necesario abrazar la oscuridad para asegurar un futuro brillante. &#xBF;Cu&#xE1;nta luz es demasiada? La flora y la fauna del mundo han evolucionado para operar en el ciclo natural del d&#xED;a y la noche. Sin embargo, la iluminaci&#xF3;n permanente ha hecho que la contaminaci&#xF3;n lum&#xED;nica sea un grave problema. Desde el espacio, nuestro planeta brilla intensamente 24 horas al d&#xED;a, los 7 d&#xED;as de la semana. Al extender nuestras horas de luz, hemos expulsado a los habitantes de la noche e interrumpido los ritmos circadianos necesarios para el sustento de todos los seres vivos. Las farolas y los letreros de ne&#xF3;n de nuestras ciudades est&#xE1;n alterando ecosistemas enteros. </subfield>
  </datafield>
  <datafield tag="520" ind1=" " ind2=" ">
    <subfield code="a">The lightbulb, long a symbol of progress, must now be switched off. We must embrace the darkness to secure a bright future. How much light is too much? The world's flora and fauna have evolved to function within the natural cycle of day and night. However, constant illumination has turned light pollution into a serious issue. From space, our planet glows brightly 24 hours a day, seven days a week. By extending our hours of light, we have driven out the creatures of the night and disrupted the circadian rhythms essential to the survival of all living beings. Streetlights and neon signs in our cities are disturbing entire ecosystems.</subfield>
  </datafield>
  <datafield tag="650" ind1=" " ind2="0">
    <subfield code="a">Circadian rhythms</subfield>
    <subfield code="9">25526</subfield>
  </datafield>
  <datafield tag="650" ind1=" " ind2="0">
    <subfield code="a">Light and darkness Physiological effect</subfield>
    <subfield code="9">25527</subfield>
  </datafield>
  <datafield tag="650" ind1=" " ind2="0">
    <subfield code="a">Light pollution</subfield>
    <subfield code="9">25528</subfield>
  </datafield>
  <datafield tag="942" ind1=" " ind2=" ">
    <subfield code="2">lcc</subfield>
  </datafield>
  <datafield tag="952" ind1=" " ind2=" ">
    <subfield code="0">0</subfield>
    <subfield code="1">0</subfield>
    <subfield code="2">lcc</subfield>
    <subfield code="4">0</subfield>
    <subfield code="7">0</subfield>
    <subfield code="a">TBS</subfield>
    <subfield code="b">TBS</subfield>
    <subfield code="d">2025-06-19</subfield>
    <subfield code="l">0</subfield>
    <subfield code="o">TD195.L52 EKL</subfield>
    <subfield code="p">B06006</subfield>
    <subfield code="r">2025-06-19</subfield>
    <subfield code="t">1</subfield>
    <subfield code="w">2025-06-19</subfield>
    <subfield code="y">1</subfield>
  </datafield>
  <datafield tag="999" ind1=" " ind2=" ">
    <subfield code="c">4773</subfield>
    <subfield code="d">4773</subfield>
  </datafield>
</record>
